| 000 | 00768nam a22002057a 4500 | ||
|---|---|---|---|
| 999 |
_c8398 _d8398 |
||
| 003 | AR-CdUCM | ||
| 008 | 190325b ||||| |||| 00| 0 spa d | ||
| 040 |
_aMUNICIPALIDAD PROVINCIAL DEL CUSCO _cBIBLIOTECA MUNICIPAL DEL CUSCO |
||
| 041 | _hger | ||
| 082 |
_a343.29 / _bU34 |
||
| 100 |
_aUlbricht, Walter _923573 |
||
| 245 | _aLa constitución del estado socialista de la nación alemana / | ||
| 260 |
_aDresden : _bVerlag Zeit im Bild, _c1968. |
||
| 300 |
_a111 páginas ; _c19 cm. |
||
| 505 | _aLa ley fundamental del régimen de vida político de nuestro pueblo -- Los derechos del pueblo están garantizados -- El crimen de la división de Alemania ... | ||
| 650 |
_aConstitución _92117 |
||
| 650 |
_aAlemania _91327 |
||
| 942 |
_2ddc _cLIBROS |
||
| 945 | _aacv | ||